Statistiken für Namen bekannter Tiere aus Film & Medien

Klicken Sie hier um das Quiz zu spielen!

Allgemein

  • Dieses Quiz wurde 736 mal gespielt
  • Das Durchschnittsergebnis liegt bei 9 aus 20

Antwortstatistiken

BeschreibungSpeziesName% Korrekt
Serienheld aus den '60er Jahren; bestreitet verschiedene Abenteuer auf dem MeerDelfinFlipper
87%
Deutscher Schäferhund der als "Kommissar" stets der Polizei hilft Verbrechen zu bekämpfen; liebt WurstsemmelnHundRex
82%
Wurde nach seiner Geburt zum Star des Berliner Zoos, wo er von Pfleger Thomas Dörflein betreut wurde; lebte von 2006-2011EisbärKnut
77%
Spielfilmreihe rund um einen Orca, der aus einem Vergnügungspark befreit wurde: Free ...OrcaWilly
75%
Das Pferd von Pippi LangstrumpfPferdKleiner Onkel
72%
Die Collie-Hündin ist Hauptfigur von zahlreichen Büchern, Filmen und Serien; bekam einen Stern auf Hollywoods "Walk of Fame"HundLassie
71%
Steht im Mittelpunkt eines Familienfilms mit sprechenden Tieren: Ein Schweinchen namens ...SchweinBabe
63%
Wurde 1996 bekannt als das erste geklonte SäugetierSchafDolly
61%
Familienfilm rund um einen Bernhardiner: Ein Hund namens ...HundBeethoven
50%
Aufgrund eines Gendefektes hatte sie einen ständig mürrischen Blick, der sie zur Internet-Berühmtheit machteKatzeGrumpy Cat (Tardar Sauce)
48%
Nach einem Roman von Herman Melville aus dem Jahre 1851, indem Kapitän Ahab aus Rache jenen weißen Wal jagt, durch den er sein Bein verlorPottwalMoby Dick
45%
Die Streuner-Hündin wurde 1957 im Rahmen der sowjetischen Raumfahrts-Mission Sputnik 2 geopfert; war somit das erste in den Weltraum beförderte LebewesenHundLaika
43%
"Problembär", der 2006 Teile Bayerns und Österreichs unsicher machte; wurde letztlich von einem Jäger erlegtBraunbärBruno
40%
Orakel der Fußball-WM 2010, das bei allen Spielen Deutschlands und dem Finale den Sieger richtig vorhersagteKrakePaul
26%
Ein Akita, der jeden Tag am Bahnhof treu auf sein Herrchen wartete, selbst nachdem dieser verstarb; die Geschichte wurde 2009 verfilmtHundHachikō
23%
Nachdem am 28. Mai 2016 im Cincinnati Zoo ein 3-jähriger Junge in sein Gehege gefallen war, musste das Tier aus Sicherheitsgründen erschossen werden; Vorfall löste kontroverse Diskussionen ausGorillaHarambe
14%
Leithund einer Schlittenhundestaffel, die 1925 ein wichtiges Serum gegen Diphterie über 1085 km von Nenana nach Nome (Alaska) transportierte; die Geschichte wurde auch als Zeichentrick verfilmtHundBalto
12%
Birma-Katze vom verstorbenen Modedesigner Karl Lagerfeld; besitzt mittlerweile eine eigene FangemeinschaftKatzeChoupette
10%
Deutscher Schäferhund, der in den 1920er Jahren in 26 Filmen mitwirkte; ihm wurde auch ein Stern auf dem "Walk of Fame" gewidmetHundRin Tin Tin
3%
Konnte angeblich zählen und Rechenaufgaben lösen; erregte dadurch Anfang des 20. Jahrhunderts AufsehenPferdKluger Hans
2%

Verteilung der Resultate

Perzentil nach korrekt beantworteten Fragen

Anzahl Personen mit jedem Resultat

Ihre Resultats-Entwicklung

Sie haben dieses Quiz noch nicht gespielt